000 00269nam a2200109Ia 4500
008 200302s9999 xx 000 0 und d
100 _aDeborah. S. Ryan
245 _aIdeal Home Through the 20th Century
260 _bHazar Publishing
260 _c1997
300 _a175 P.,
999 _c2421
_d2421